Southville International School and Colleges
Your cart is empty.
  • Cart
  • Lists
    Public lists Eva Luna New books Lux_list list_1
    Your lists Log in to create your own lists
  • Log in to your account
  • Your cookies
  • Search history
Southville International School and Colleges
  • Advanced search
  • Recent comments
  • Most popular
  • Libraries

Log in to your account

Log in with GOOGLE


If you do not have an external account, but do have a local account, you can still log in:

  1. Home
  2. MARC view: Introductory macroeconomics /
Normal view MARC view ISBD view

Introductory macroeconomics / (Record no. 284800)

[ view plain ]
MARC details
000 -LEADER
fixed length control field 00725nam a22002417a 4500
003 - CONTROL NUMBER IDENTIFIER
control field SISC
005 - DATE AND TIME OF LATEST TRANSACTION
control field 20170116144232.0
008 - FIXED-LENGTH DATA ELEMENTS--GENERAL INFORMATION
fixed length control field 130129t xxu||||| |||| 00| 0 eng d
020 ## - INTERNATIONAL STANDARD BOOK NUMBER
International Standard Book Number 9789712366451
050 ## - LIBRARY OF CONGRESS CALL NUMBER
Classification number HB 172.5
Item number .P139 2013
082 ## - DEWEY DECIMAL CLASSIFICATION NUMBER
Classification number FIL 339
Item number .P139 2006
100 ## - MAIN ENTRY--PERSONAL NAME
Personal name Pagoso, Cristobal.
245 ## - TITLE STATEMENT
Title Introductory macroeconomics /
Statement of responsibility, etc Cristobal M. Pagoso, Rosemary P. Dinio, George A. Villasis.
260 ## - PUBLICATION, DISTRIBUTION, ETC. (IMPRINT)
Place of publication, distribution, etc Manila :
Name of publisher, distributor, etc Rex Book Store,
Date of publication, distribution, etc 2013.
300 ## - PHYSICAL DESCRIPTION
Extent xi, 277 pages :
Other physical details ilustrations ;
Dimensions 25 cm.
500 ## - GENERAL NOTE
General note Includes bibliographical references and index.
526 ## - STUDY PROGRAM INFORMATION NOTE
Reading level 1210L-1700L
562 ## - COPY AND VERSION IDENTIFICATION NOTE
Number of copies 2
650 ## - SUBJECT ADDED ENTRY--TOPICAL TERM
Topical term or geographic name as entry element Macroeconomics.
942 ## - ADDED ENTRY ELEMENTS (KOHA)
Source of classification or shelving scheme Library of Congress Classification
Koha item type Books
Call number suffix FIL
Call number prefix Filipininana
Holdings
Withdrawn status Lost status Source of classification or shelving scheme Damaged status Home library Current library Shelving location Date acquired Source of acquisition Sub Shelving location Total Checkouts Full call number Barcode Date last seen Price effective from Koha item type
    Library of Congress Classification   College Library College Library Reserve Section 06/08/2015 Library Fund     HB 172.5 .P139 2013 C19577 07/16/2015 06/08/2015 Books

Introductory macroeconomics /

APA

Pagoso C., . (2013). Introductory macroeconomics. Manila: Rex Book Store.

Chicago

Pagoso Cristobal, . 2013. Introductory macroeconomics. Manila: Rex Book Store.

Harvard

Pagoso C., . (2013). Introductory macroeconomics. Manila: Rex Book Store.

MLA

Pagoso Cristobal, . Introductory macroeconomics. Manila: Rex Book Store. 2013.

  • Place hold
  • Print
  • Cite
  • Add to your cart (remove)
  • Save record
    BIBTEX Dublin Core MARCXML MARC (non-Unicode/MARC-8) MARC (Unicode/UTF-8) MARC (Unicode/UTF-8, Standard) MODS (XML) RIS
  • More searches
    Search for this title in:
    Other Libraries (WorldCat) Other Databases (Google Scholar) Online Stores (Bookfinder.com) Open Library (openlibrary.org)

Exporting to Dublin Core...

SOUTHVILLE LIBRARY

Southville International School and Colleges Library

1281 Tropical Ave. Cor. Luxembourg St., BF Homes International, Las Pinas City

Tel. No. 8256374 / 252358 Loc. 117/146

Powered by Koha